[Event "ODJM B 2025"]
[Site "Willingen GER"]
[Date "2025.06.13"]
[Round "8"]
[White "Rotärmel, Leonie"]
[Black "Özkurt, Kaan"]
[Result "1/2-1/2"]
[Termination "normal"]
[Board "31"]
[WhiteElo "1699"]
[BlackElo "1779"]
[WhiteClock "00:34:59"]
[BlackClock "00:28:06"]
[PlyCount "101"]
[WhiteFideId "16281390"]
[BlackFideId "34655182"]
[EventCountry "GER"]
[EventRounds "9"]
[EventType "swiss"]
[EventDate "2025.06.07"]

1. e4 {[%clk 01:30:57]} {[%emt 00:00:02]} e6 {[%clk 01:30:54]} {[%emt
00:00:07]} 2. d4 {[%clk 01:31:23]} {[%emt 00:00:03]} d5 {[%clk 01:31:21]}
{[%emt 00:00:04]} 3. Nc3 {[%clk 01:31:48]} {[%emt 00:00:05]} Nf6 {[%clk
01:31:44]} {[%emt 00:00:07]} 4. Bg5 {[%clk 01:31:23]} {[%emt 00:00:55]} dxe4
{[%clk 01:31:55]} {[%emt 00:00:20]} 5. Nxe4 {[%clk 01:31:50]} {[%emt 00:00:02]}
Nbd7 {[%clk 01:31:06]} {[%emt 00:01:19]} 6. c3 {[%clk 01:28:27]} {[%emt
00:03:53]} Be7 {[%clk 01:30:56]} {[%emt 00:00:40]} 7. Nxf6+ {[%clk 01:28:41]}
{[%emt 00:00:16]} Bxf6 {[%clk 01:30:29]} {[%emt 00:00:57]} 8. Bxf6 {[%clk
01:28:24]} {[%emt 00:00:47]} Qxf6 {[%clk 01:29:15]} {[%emt 00:01:45]} 9. Nf3
{[%clk 01:22:05]} {[%emt 00:06:48]} O-O {[%clk 01:28:51]} {[%emt 00:00:54]} 10.
Bd3 {[%clk 01:20:28]} {[%emt 00:02:07]} e5 {[%clk 01:21:02]} {[%emt 00:08:20]}
11. dxe5 {[%clk 01:13:40]} {[%emt 00:07:17]} Nxe5 {[%clk 01:21:21]} {[%emt
00:00:11]} 12. Nxe5 {[%clk 01:13:20]} {[%emt 00:00:49]} Qxe5+ {[%clk 01:21:46]}
{[%emt 00:00:06]} 13. Qe2 {[%clk 01:13:06]} {[%emt 00:00:43]} Qg5 {[%clk
01:11:37]} {[%emt 00:10:39]} 14. O-O {[%clk 01:08:44]} {[%emt 00:04:53]} Be6
{[%clk 01:12:04]} {[%emt 00:00:03]} 15. Qe4 {[%clk 01:08:39]} {[%emt 00:00:35]}
g6 {[%clk 01:11:56]} {[%emt 00:00:39]} 16. Bc4 {[%clk 00:58:05]} {[%emt
00:11:03]} Bxc4 {[%clk 00:51:41]} {[%emt 00:20:45]} 17. Qxc4 {[%clk 00:58:25]}
{[%emt 00:00:10]} c6 {[%clk 00:51:36]} {[%emt 00:00:35]} 18. Rad1 {[%clk
00:57:47]} {[%emt 00:01:08]} Rad8 {[%clk 00:50:58]} {[%emt 00:01:09]} 19. Qb3
{[%clk 00:57:03]} {[%emt 00:01:13]} b6 {[%clk 00:50:19]} {[%emt 00:01:09]} 20.
Rfe1 {[%clk 00:50:03]} {[%emt 00:07:30]} Rd2 {[%clk 00:46:42]} {[%emt
00:04:07]} 21. Rxd2 {[%clk 00:49:38]} {[%emt 00:00:54]} Qxd2 {[%clk 00:47:03]}
{[%emt 00:00:10]} 22. Rd1 {[%clk 00:49:51]} {[%emt 00:00:16]} Re8 {[%clk
00:45:14]} {[%emt 00:02:19]} 23. g3 {[%clk 00:48:30]} {[%emt 00:01:52]} Qe2
{[%clk 00:37:52]} {[%emt 00:07:52]} 24. Rd7 {[%clk 00:30:12]} {[%emt 00:18:48]}
Qf3 {[%clk 00:30:11]} {[%emt 00:08:11]} 25. Qd1 {[%clk 00:30:27]} {[%emt
00:00:15]} Qxd1+ {[%clk 00:26:52]} {[%emt 00:03:48]} 26. Rxd1 {[%clk 00:30:55]}
{[%emt 00:00:03]} Re2 {[%clk 00:27:09]} {[%emt 00:00:13]} 27. Rb1 {[%clk
00:24:25]} {[%emt 00:07:00]} Kg7 {[%clk 00:27:29]} {[%emt 00:00:10]} 28. Kg2
{[%clk 00:24:45]} {[%emt 00:00:10]} Kf6 {[%clk 00:24:42]} {[%emt 00:03:17]} 29.
Kf3 {[%clk 00:24:46]} {[%emt 00:00:28]} Rc2 {[%clk 00:22:39]} {[%emt 00:02:34]}
30. h3 {[%clk 00:22:45]} {[%emt 00:02:31]} Ke5 {[%clk 00:21:45]} {[%emt
00:01:24]} 31. Re1+ {[%clk 00:22:55]} {[%emt 00:00:20]} Kd6 {[%clk 00:20:13]}
{[%emt 00:02:02]} 32. Re2 {[%emt 00:06:18]} Rxe2 {[%clk 00:14:43]} {[%emt
00:00:01]} 33. Kxe2 {[%clk 00:23:30]} {[%emt 00:00:06]} Ke5 {[%clk 00:14:33]}
{[%emt 00:00:40]} 34. Ke3 {[%clk 00:23:38]} {[%emt 00:00:22]} g5 {[%clk
00:13:36]} {[%emt 00:01:27]} 35. b3 {[%clk 00:18:35]} {[%emt 00:05:33]} Kd5
{[%clk 00:09:05]} {[%emt 00:05:01]} 36. Kd3 {[%clk 00:15:41]} {[%emt 00:03:23]}
b5 {[%clk 00:08:48]} {[%emt 00:00:48]} 37. a3 {[%clk 00:13:15]} {[%emt
00:02:55]} f5 {[%clk 00:06:28]} {[%emt 00:02:50]} 38. f4 {[%clk 00:11:44]}
{[%emt 00:02:01]} gxf4 {[%clk 00:03:35]} {[%emt 00:03:24]} 39. gxf4 {[%clk
00:12:13]} a5 {[%clk 00:03:07]} {[%emt 00:00:58]} 40. c4+ {[%clk 00:06:04]}
{[%emt 00:06:39]} Kc5 {[%clk 00:01:27]} {[%emt 00:02:10]} 41. Kc3 {[%clk
00:03:03]} {[%emt 00:03:31]} b4+ {[%clk 00:25:54]} {[%emt 00:06:03]} 42. axb4+
{[%clk 00:33:14]} {[%emt 00:00:19]} axb4+ {[%clk 00:26:23]} 43. Kd3 {[%clk
00:33:32]} {[%emt 00:00:11]} Kd6 {[%clk 00:25:51]} {[%emt 00:01:02]} 44. Ke3
{[%clk 00:33:43]} {[%emt 00:00:19]} c5 {[%clk 00:25:52]} {[%emt 00:00:30]} 45.
Kf3 {[%clk 00:33:56]} {[%emt 00:00:16]} Ke6 {[%clk 00:26:09]} {[%emt 00:00:14]}
46. Kg3 {[%clk 00:34:01]} {[%emt 00:00:25]} Kf6 {[%clk 00:26:30]} {[%emt
00:00:09]} 47. Kh4 {[%clk 00:33:56]} {[%emt 00:00:35]} Kg6 {[%clk 00:26:55]}
{[%emt 00:00:05]} 48. Kg3 {[%clk 00:34:21]} {[%emt 00:00:05]} Kh5 {[%clk
00:27:20]} {[%emt 00:00:05]} 49. Kg2 {[%clk 00:34:39]} {[%emt 00:00:12]} Kh4
{[%clk 00:27:43]} {[%emt 00:00:06]} 50. Kh2 {[%clk 00:35:04]} {[%emt 00:00:05]}
h6 {[%clk 00:28:06]} {[%emt 00:00:08]} 51. Kg2 {[%clk 00:34:59]} {[%emt
00:00:04]} 1/2-1/2

[Event "ODJM B 2025"]
[Site "Willingen GER"]
[Date "2025.06.13"]
[Round "8"]
[White "Huppert, Anna"]
[Black "Han, Erdem"]
[Result "1-0"]
[Termination "normal"]
[Board "32"]
[WhiteElo "1630"]
[BlackElo "1765"]
[WhiteClock "00:12:08"]
[BlackClock "00:16:34"]
[PlyCount "41"]
[WhiteFideId "16214439"]
[BlackFideId "533000646"]
[EventCountry "GER"]
[EventRounds "9"]
[EventType "swiss"]
[EventDate "2025.06.07"]

1. e4 {[%clk 01:30:58]} {[%emt 00:00:02]} c5 {[%clk 01:30:54]} {[%emt
00:00:06]} 2. Nf3 {[%clk 01:31:19]} {[%emt 00:00:08]} Nc6 {[%clk 01:31:09]}
{[%emt 00:00:15]} 3. Bb5 {[%clk 01:31:41]} {[%emt 00:00:09]} Nf6 {[%clk
01:31:27]} {[%emt 00:00:12]} 4. Bxc6 {[%clk 01:31:50]} {[%emt 00:00:22]} dxc6
{[%clk 01:31:07]} {[%emt 00:00:49]} 5. d3 {[%clk 01:27:39]} {[%emt 00:04:41]}
Bg4 {[%clk 01:27:41]} {[%emt 00:03:56]} 6. Nbd2 {[%clk 01:23:00]} {[%emt
00:05:09]} e6 {[%clk 01:25:04]} {[%emt 00:03:07]} 7. h3 {[%clk 01:18:28]}
{[%emt 00:05:02]} Bh5 {[%clk 01:11:21]} {[%emt 00:14:13]} 8. g4 {[%clk
01:01:08]} {[%emt 00:17:50]} Bg6 {[%clk 01:11:44]} {[%emt 00:00:07]} 9. Ne5
{[%clk 01:00:58]} {[%emt 00:00:40]} Qc7 {[%clk 01:06:18]} {[%emt 00:05:55]} 10.
Ndc4 {[%clk 00:54:41]} {[%emt 00:06:48]} O-O-O {[%clk 00:55:47]} {[%emt
00:10:43]} 11. Qf3 {[%clk 00:43:15]} {[%emt 00:12:13]} Bd6 {[%clk 00:50:31]}
{[%emt 00:05:45]} 12. Nxd6+ {[%clk 00:38:31]} {[%emt 00:05:16]} Qxd6 {[%clk
00:47:43]} {[%emt 00:03:17]} 13. Bf4 {[%clk 00:33:38]} {[%emt 00:05:23]} Qe7
{[%clk 00:34:14]} {[%emt 00:13:52]} 14. Bg3 {[%clk 00:23:46]} {[%emt 00:10:29]}
Nd7 {[%clk 00:33:01]} {[%emt 00:01:43]} 15. Qf4 {[%clk 00:16:11]} {[%emt
00:08:05]} Nxe5 {[%clk 00:22:53]} {[%emt 00:10:39]} 16. Qxe5 {[%clk 00:16:33]}
{[%emt 00:00:07]} Kd7 {[%clk 00:18:49]} {[%emt 00:04:34]} 17. Qxg7 {[%clk
00:15:03]} {[%emt 00:02:01]} f6 {[%clk 00:17:12]} {[%emt 00:02:06]} 18. Qxe7+
{[%clk 00:14:58]} {[%emt 00:00:35]} Kxe7 {[%clk 00:17:41]} {[%emt 00:00:01]}
19. Bh4 {[%clk 00:12:15]} {[%emt 00:03:13]} e5 {[%clk 00:17:20]} {[%emt
00:00:51]} 20. f4 {[%clk 00:12:24]} {[%emt 00:00:21]} exf4 {[%clk 00:16:34]}
{[%emt 00:01:16]} 21. e5 {[%clk 00:12:08]} {[%emt 00:00:46]} 1-0

[Event "ODJM B 2025"]
[Site "Willingen GER"]
[Date "2025.06.13"]
[Round "8"]
[White "Zussner, Tim"]
[Black "Schiewe, Nadin"]
[Result "0-1"]
[Termination "normal"]
[Board "33"]
[WhiteElo "1800"]
[BlackElo "1764"]
[WhiteClock "00:03:15"]
[BlackClock "00:09:55"]
[PlyCount "84"]
[WhiteFideId "34642765"]
[BlackFideId "16209079"]
[EventCountry "GER"]
[EventRounds "9"]
[EventType "swiss"]
[EventDate "2025.06.07"]

1. d4 {[%clk 01:30:55]} {[%emt 00:00:04]} d5 {[%clk 01:30:54]} {[%emt
00:00:06]} 2. c4 {[%clk 01:31:22]} {[%emt 00:00:03]} e6 {[%clk 01:31:17]}
{[%emt 00:00:08]} 3. cxd5 {[%emt 00:00:07]} exd5 {[%clk 01:31:40]} {[%emt
00:00:06]} 4. Nc3 {[%clk 01:32:12]} {[%emt 00:00:04]} c6 {[%clk 01:32:02]}
{[%emt 00:00:08]} 5. Nf3 {[%clk 01:32:23]} {[%emt 00:00:18]} Bd6 {[%clk
01:32:03]} {[%emt 00:00:29]} 6. e3 {[%clk 01:28:01]} {[%emt 00:04:52]} f5
{[%clk 01:31:20]} {[%emt 00:01:13]} 7. Bd3 {[%clk 01:26:23]} {[%emt 00:02:08]}
Nf6 {[%clk 01:31:35]} {[%emt 00:00:16]} 8. Qc2 {[%clk 01:21:27]} {[%emt
00:05:25]} Ne4 {[%clk 01:31:25]} {[%emt 00:00:40]} 9. a3 {[%clk 01:20:52]}
{[%emt 00:01:06]} O-O {[%clk 01:30:41]} {[%emt 00:01:13]} 10. b4 {[%clk
01:16:22]} {[%emt 00:05:00]} Qe7 {[%clk 01:27:04]} {[%emt 00:04:07]} 11. O-O
{[%clk 01:08:06]} {[%emt 00:08:46]} Rf6 {[%clk 01:23:43]} {[%emt 00:03:50]} 12.
Nxd5 {[%clk 01:01:49]} {[%emt 00:06:48]} cxd5 {[%clk 01:22:38]} {[%emt
00:01:36]} 13. Qxc8+ {[%clk 01:00:38]} {[%emt 00:01:40]} Rf8 {[%clk 01:21:12]}
{[%emt 00:01:56]} 14. Qc2 {[%clk 01:00:48]} {[%emt 00:00:20]} Nd7 {[%clk
01:20:05]} {[%emt 00:01:37]} 15. Bb2 {[%clk 00:47:32]} {[%emt 00:13:45]} Rf6
{[%clk 01:17:06]} {[%emt 00:03:30]} 16. Qe2 {[%clk 00:39:14]} {[%emt 00:08:48]}
Rh6 {[%clk 01:15:45]} {[%emt 00:01:50]} 17. g3 {[%clk 00:35:26]} {[%emt
00:04:18]} Qf7 {[%clk 01:13:13]} {[%emt 00:03:02]} 18. Kg2 {[%clk 00:29:47]}
{[%emt 00:06:10]} Qh5 {[%clk 01:09:10]} {[%emt 00:04:33]} 19. Rh1 {[%clk
00:26:24]} {[%emt 00:03:53]} Qh3+ {[%clk 01:07:17]} {[%emt 00:02:23]} 20. Kg1
{[%clk 00:26:49]} {[%emt 00:00:05]} Ndf6 {[%clk 00:55:59]} {[%emt 00:11:48]}
21. Qf1 {[%clk 00:24:48]} {[%emt 00:02:30]} Qh5 {[%clk 00:52:55]} {[%emt
00:03:35]} 22. Qg2 {[%clk 00:21:29]} {[%emt 00:03:49]} Ng4 {[%clk 00:49:46]}
{[%emt 00:03:39]} 23. Bxe4 {[%clk 00:18:28]} {[%emt 00:03:31]} fxe4 {[%clk
00:50:01]} {[%emt 00:00:14]} 24. Nd2 {[%clk 00:17:56]} {[%emt 00:01:03]} Rf8
{[%clk 00:49:25]} {[%emt 00:01:05]} 25. Rf1 {[%clk 00:15:02]} {[%emt 00:03:24]}
Rhf6 {[%clk 00:49:20]} {[%emt 00:00:36]} 26. h3 {[%clk 00:13:23]} {[%emt
00:02:08]} Rxf2 {[%clk 00:36:41]} {[%emt 00:13:10]} 27. Rxf2 {[%clk 00:13:07]}
{[%emt 00:00:46]} Rxf2 {[%clk 00:37:05]} {[%emt 00:00:06]} 28. Qxf2 {[%clk
00:13:15]} {[%emt 00:00:22]} Nxf2 {[%clk 00:37:27]} {[%emt 00:00:07]} 29. Kxf2
{[%clk 00:13:38]} {[%emt 00:00:07]} Qf5+ {[%clk 00:37:13]} {[%emt 00:00:44]}
30. Kg2 {[%clk 00:13:51]} {[%emt 00:00:17]} Qg5 {[%clk 00:34:35]} {[%emt
00:03:09]} 31. Nf1 {[%clk 00:13:52]} {[%emt 00:00:28]} h5 {[%clk 00:32:51]}
{[%emt 00:02:14]} 32. Bc1 {[%clk 00:12:10]} {[%emt 00:02:13]} Qf6 {[%clk
00:22:36]} {[%emt 00:10:45]} 33. Nd2 {[%clk 00:10:47]} {[%emt 00:01:52]} h4
{[%clk 00:21:34]} {[%emt 00:01:32]} 34. g4 {[%clk 00:10:20]} {[%emt 00:00:58]}
Bc7 {[%clk 00:20:27]} {[%emt 00:01:36]} 35. Bb2 {[%clk 00:07:31]} {[%emt
00:03:19]} b5 {[%clk 00:18:46]} {[%emt 00:02:12]} 36. Rc1 {[%clk 00:06:17]}
{[%emt 00:01:43]} Bg3 {[%clk 00:16:35]} {[%emt 00:02:42]} 37. Rf1 {[%clk
00:06:15]} {[%emt 00:00:32]} Qc6 {[%clk 00:16:36]} {[%emt 00:00:28]} 38. Rc1
{[%clk 00:06:20]} {[%emt 00:00:25]} Qf6 {[%clk 00:16:16]} {[%emt 00:00:50]} 39.
Rf1 {[%clk 00:06:46]} {[%emt 00:00:05]} Qg5 {[%clk 00:15:57]} {[%emt 00:00:48]}
40. Rb1 {[%clk 00:02:27]} {[%emt 00:04:49]} Qxe3 {[%clk 00:16:03]} {[%emt
00:00:24]} 41. Nf1 {[%clk 00:02:49]} {[%emt 00:00:08]} Qf2+ {[%clk 00:10:53]}
{[%emt 00:05:40]} 42. Kh1 {[%clk 00:03:15]} {[%emt 00:00:04]} Qc2 {[%clk
00:09:55]} {[%emt 00:01:27]} 0-1

[Event "ODJM B 2025"]
[Site "Willingen GER"]
[Date "2025.06.13"]
[Round "8"]
[White "Yüksel, Aran"]
[Black "Junge, Julia Marie"]
[Result "0-1"]
[Termination "normal"]
[Board "34"]
[WhiteElo "1531"]
[BlackElo "1734"]
[WhiteClock "01:17:15"]
[BlackClock "01:23:55"]
[PlyCount "28"]
[WhiteFideId "16297024"]
[BlackFideId "16293908"]
[EventCountry "GER"]
[EventRounds "9"]
[EventType "swiss"]
[EventDate "2025.06.07"]

1. e4 {[%clk 01:30:58]} {[%emt 00:00:01]} e5 {[%clk 01:30:32]} {[%emt
00:00:28]} 2. Nf3 {[%clk 01:31:18]} {[%emt 00:00:09]} Nc6 {[%clk 01:30:42]}
{[%emt 00:00:21]} 3. d4 {[%clk 01:31:34]} {[%emt 00:00:14]} exd4 {[%clk
01:31:00]} {[%emt 00:00:12]} 4. Nxd4 {[%clk 01:31:56]} {[%emt 00:00:08]} Bc5
{[%clk 01:31:20]} {[%emt 00:00:10]} 5. Nxc6 {[%clk 01:32:01]} {[%emt 00:00:26]}
Qf6 {[%clk 01:31:44]} {[%emt 00:00:05]} 6. Qd2 {[%clk 01:29:53]} {[%emt
00:02:37]} dxc6 {[%clk 01:30:41]} {[%emt 00:01:34]} 7. Bd3 {[%clk 01:29:46]}
{[%emt 00:00:36]} Ne7 {[%clk 01:29:50]} {[%emt 00:01:21]} 8. O-O {[%clk
01:30:05]} {[%emt 00:00:11]} O-O {[%clk 01:29:05]} {[%emt 00:01:15]} 9. Nc3
{[%clk 01:29:47]} {[%emt 00:00:48]} Ng6 {[%clk 01:28:44]} {[%emt 00:00:51]} 10.
Kh1 {[%clk 01:23:57]} {[%emt 00:06:20]} Ne5 {[%clk 01:26:57]} {[%emt 00:02:17]}
11. Qe2 {[%clk 01:19:38]} {[%emt 00:04:48]} Qh4 {[%clk 01:23:54]} {[%emt
00:03:33]} 12. h3 {[%clk 01:18:15]} {[%emt 00:01:54]} Ng4 {[%clk 01:23:19]}
{[%emt 00:01:05]} 13. Kg1 {[%clk 01:17:01]} {[%emt 00:01:43]} Ne5 {[%clk
01:23:33]} {[%emt 00:00:17]} 14. Kh1 {[%clk 01:17:15]} {[%emt 00:00:16]} Bxh3
{[%clk 01:23:55]} {[%emt 00:00:08]} 0-1

[Event "ODJM B 2025"]
[Site "Willingen GER"]
[Date "2025.06.13"]
[Round "8"]
[White "Müller, Cosima"]
[Black "Sauer, Ben"]
[Result "1-0"]
[Termination "normal"]
[Board "35"]
[WhiteElo "1757"]
[BlackElo "1675"]
[WhiteClock "00:31:58"]
[BlackClock "00:22:26"]
[PlyCount "97"]
[WhiteFideId "34601490"]
[BlackFideId "34606866"]
[EventCountry "GER"]
[EventRounds "9"]
[EventType "swiss"]
[EventDate "2025.06.07"]

1. e4 {[%clk 01:30:58]} {[%emt 00:00:01]} c5 {[%clk 01:30:53]} {[%emt
00:00:07]} 2. Nf3 {[%clk 01:31:24]} {[%emt 00:00:04]} e6 {[%clk 01:31:10]}
{[%emt 00:00:13]} 3. d4 {[%clk 01:31:44]} {[%emt 00:00:10]} cxd4 {[%clk
01:31:26]} {[%emt 00:00:14]} 4. Nxd4 {[%clk 01:32:08]} {[%emt 00:00:06]} Nc6
{[%clk 01:31:21]} {[%emt 00:00:36]} 5. Be3 {[%clk 01:32:01]} {[%emt 00:00:36]}
a6 {[%clk 01:31:01]} {[%emt 00:00:50]} 6. Qf3 {[%clk 01:32:14]} {[%emt
00:00:17]} Qc7 {[%clk 01:28:50]} {[%emt 00:02:41]} 7. Nc3 {[%clk 01:27:42]}
{[%emt 00:05:01]} b5 {[%clk 01:19:33]} {[%emt 00:09:49]} 8. Nxc6 {[%clk
01:05:26]} {[%emt 00:22:46]} Qxc6 {[%clk 01:14:38]} {[%emt 00:05:25]} 9. Bd3
{[%clk 01:03:38]} {[%emt 00:02:18]} Bb7 {[%clk 01:09:27]} {[%emt 00:05:41]} 10.
Qg3 {[%clk 01:02:15]} {[%emt 00:01:51]} d6 {[%clk 00:54:08]} {[%emt 00:15:51]}
11. f3 {[%clk 00:59:25]} {[%emt 00:03:20]} Qc7 {[%clk 00:45:50]} {[%emt
00:08:48]} 12. O-O {[%clk 00:56:14]} {[%emt 00:03:41]} g6 {[%clk 00:40:28]}
{[%emt 00:05:52]} 13. Bd4 {[%clk 00:52:06]} {[%emt 00:04:36]} e5 {[%clk
00:39:01]} {[%emt 00:01:58]} 14. Be3 {[%clk 00:51:55]} {[%emt 00:00:41]} Be7
{[%clk 00:36:07]} {[%emt 00:03:25]} 15. Qf2 {[%clk 00:49:11]} {[%emt 00:03:13]}
Nf6 {[%clk 00:32:11]} {[%emt 00:04:26]} 16. Rfd1 {[%clk 00:45:06]} {[%emt
00:04:35]} h5 {[%clk 00:27:15]} {[%emt 00:05:27]} 17. Bf1 {[%clk 00:27:20]}
{[%emt 00:18:16]} Bc6 {[%clk 00:25:18]} {[%emt 00:02:27]} 18. Rd2 {[%clk
00:25:11]} {[%emt 00:02:39]} Qb7 {[%clk 00:18:50]} {[%emt 00:06:58]} 19. Rad1
{[%clk 00:22:10]} {[%emt 00:03:30]} Bd7 {[%clk 00:11:40]} {[%emt 00:07:40]} 20.
Bg5 {[%clk 00:20:24]} {[%emt 00:02:16]} Ng4 21. fxg4 {[%clk 00:19:41]} Bxg5
{[%clk 00:02:14]} {[%emt 00:00:19]} 22. Rxd6 {[%clk 00:19:42]} {[%emt
00:00:29]} Bxg4 {[%clk 00:02:06]} {[%emt 00:00:39]} 23. Be2 {[%clk 00:14:54]}
{[%emt 00:05:17]} Be6 {[%clk 00:00:51]} {[%emt 00:01:43]} 24. Rb6 {[%clk
00:14:32]} {[%emt 00:00:53]} Qa7 {[%clk 00:00:36]} {[%emt 00:00:45]} 25. Rdd6
{[%clk 00:14:04]} {[%emt 00:01:00]} Be7 {[%clk 00:00:34]} {[%emt 00:00:32]} 26.
Rxa6 {[%clk 00:13:07]} {[%emt 00:01:27]} Qxf2+ {[%clk 00:00:31]} {[%emt
00:00:33]} 27. Kxf2 {[%clk 00:13:33]} {[%emt 00:00:04]} Rxa6 {[%clk 00:00:33]}
{[%emt 00:00:28]} 28. Bxb5+ {[%clk 00:13:22]} {[%emt 00:00:41]} Kf8 {[%clk
00:00:33]} {[%emt 00:00:30]} 29. Rxa6 {[%clk 00:13:36]} {[%emt 00:00:16]} Kg7
{[%clk 00:00:43]} {[%emt 00:00:20]} 30. Nd5 {[%clk 00:12:09]} {[%emt 00:01:57]}
Bc5+ {[%clk 00:00:37]} {[%emt 00:00:35]} 31. Ke1 {[%clk 00:12:18]} {[%emt
00:00:21]} Rd8 {[%clk 00:00:42]} {[%emt 00:00:25]} 32. c4 {[%clk 00:12:24]}
{[%emt 00:00:25]} Rb8 {[%clk 00:00:42]} {[%emt 00:00:28]} 33. a3 {[%clk
00:12:13]} {[%emt 00:00:42]} Bd4 {[%clk 00:00:35]} {[%emt 00:00:37]} 34. b4
{[%clk 00:12:21]} {[%emt 00:00:22]} Bb2 {[%clk 00:00:45]} {[%emt 00:00:20]} 35.
h3 {[%clk 00:10:00]} {[%emt 00:02:51]} g5 {[%clk 00:00:55]} {[%emt 00:00:21]}
36. Nc7 {[%clk 00:07:58]} {[%emt 00:02:31]} Bc8 {[%clk 00:00:56]} {[%emt
00:00:28]} 37. Ra7 {[%clk 00:07:48]} {[%emt 00:00:41]} Bb7 {[%clk 00:00:41]}
{[%emt 00:00:45]} 38. Na6 {[%clk 00:07:26]} {[%emt 00:00:53]} Bc3+ {[%clk
00:00:35]} {[%emt 00:00:36]} 39. Ke2 {[%clk 00:07:14]} {[%emt 00:00:42]} Bxa6
{[%clk 00:00:34]} {[%emt 00:00:31]} 40. Rxa6 {[%clk 00:07:15]} {[%emt
00:00:28]} Bb2 {[%clk 00:00:32]} {[%emt 00:00:32]} 41. Bc6 {[%clk 00:03:23]}
{[%emt 00:04:22]} Bxa3 {[%clk 00:26:48]} {[%emt 00:04:14]} 42. Rxa3 {[%clk
00:33:19]} {[%emt 00:00:34]} Rxb4 {[%clk 00:26:59]} {[%emt 00:00:19]} 43. Bd5
{[%clk 00:33:34]} {[%emt 00:00:15]} Rb2+ {[%clk 00:26:19]} {[%emt 00:01:10]}
44. Kf3 {[%clk 00:33:07]} {[%emt 00:00:57]} f6 {[%clk 00:21:31]} {[%emt
00:05:19]} 45. Rc3 {[%clk 00:30:52]} {[%emt 00:02:44]} Rb8 {[%clk 00:21:31]}
{[%emt 00:00:30]} 46. c5 {[%clk 00:31:13]} {[%emt 00:00:10]} Rc8 {[%clk
00:21:49]} {[%emt 00:00:11]} 47. c6 {[%clk 00:31:32]} {[%emt 00:00:12]} Kf8
{[%clk 00:22:04]} {[%emt 00:00:10]} 48. c7 {[%clk 00:31:39]} {[%emt 00:00:28]}
Ke7 {[%clk 00:22:26]} {[%emt 00:00:08]} 49. Bb7 {[%clk 00:31:58]} {[%emt
00:00:11]} 1-0

[Event "ODJM B 2025"]
[Site "Willingen GER"]
[Date "2025.06.13"]
[Round "8"]
[White "Schmidt, Emelie"]
[Black "Gutsche, Jan-Frederic"]
[Result "1/2-1/2"]
[Termination "normal"]
[Board "36"]
[WhiteElo "1575"]
[BlackElo "1742"]
[WhiteClock "00:39:59"]
[BlackClock "00:03:14"]
[PlyCount "54"]
[WhiteFideId "34682490"]
[BlackFideId "34683631"]
[EventCountry "GER"]
[EventRounds "9"]
[EventType "swiss"]
[EventDate "2025.06.07"]

1. d4 {[%clk 01:30:58]} Nf6 {[%clk 01:30:59]} {[%emt 00:00:02]} 2. Nf3 {[%clk
01:31:18]} {[%emt 00:00:10]} d5 {[%clk 01:30:33]} {[%emt 00:00:55]} 3. c4
{[%clk 01:31:33]} {[%emt 00:00:15]} e6 {[%clk 01:30:36]} {[%emt 00:00:27]} 4.
Bf4 {[%clk 01:31:16]} {[%emt 00:00:47]} c5 {[%clk 01:28:12]} {[%emt 00:02:55]}
5. dxc5 {[%clk 01:28:11]} {[%emt 00:03:34]} Bxc5 {[%clk 01:26:00]} {[%emt
00:02:42]} 6. e3 {[%clk 01:26:20]} {[%emt 00:02:22]} O-O {[%clk 01:19:40]}
{[%emt 00:06:50]} 7. Nc3 {[%clk 01:24:32]} {[%emt 00:02:18]} Bd6 {[%clk
01:02:26]} {[%emt 00:17:44]} 8. Bxd6 {[%clk 01:20:04]} {[%emt 00:04:58]} Qxd6
{[%clk 01:02:53]} {[%emt 00:00:04]} 9. e4 {[%clk 01:17:57]} {[%emt 00:02:36]}
Qb6 {[%clk 00:57:28]} {[%emt 00:05:54]} 10. exd5 {[%clk 01:04:20]} {[%emt
00:14:08]} exd5 {[%clk 00:43:15]} {[%emt 00:14:42]} 11. Qd2 {[%clk 00:58:10]}
{[%emt 00:06:41]} Re8+ {[%clk 00:38:12]} {[%emt 00:05:33]} 12. Be2 {[%clk
00:55:29]} {[%emt 00:03:11]} dxc4 {[%clk 00:35:48]} {[%emt 00:02:54]} 13. O-O
{[%clk 00:55:23]} {[%emt 00:00:35]} Be6 {[%clk 00:28:59]} {[%emt 00:07:19]} 14.
Ng5 {[%clk 00:54:33]} {[%emt 00:01:20]} Nbd7 {[%clk 00:28:42]} {[%emt
00:00:47]} 15. Nxe6 {[%clk 00:53:43]} {[%emt 00:01:20]} Qxe6 {[%clk 00:28:48]}
{[%emt 00:00:24]} 16. Rfe1 {[%clk 00:53:43]} {[%emt 00:00:30]} Qb6 {[%clk
00:21:57]} {[%emt 00:07:21]} 17. Bxc4 {[%clk 00:51:59]} {[%emt 00:02:14]} Ne5
{[%clk 00:20:42]} {[%emt 00:01:45]} 18. Bb3 {[%clk 00:50:58]} {[%emt 00:01:32]}
Rad8 {[%clk 00:17:56]} {[%emt 00:03:15]} 19. Qe3 {[%clk 00:45:34]} {[%emt
00:05:54]} Qxe3 {[%clk 00:09:47]} {[%emt 00:08:38]} 20. Rxe3 {[%clk 00:45:09]}
{[%emt 00:00:56]} Nc6 {[%clk 00:07:17]} {[%emt 00:03:00]} 21. Rae1 {[%clk
00:44:16]} {[%emt 00:01:23]} Kf8 {[%clk 00:04:12]} {[%emt 00:03:35]} 22. Rxe8+
{[%clk 00:44:11]} {[%emt 00:00:36]} Rxe8 {[%clk 00:04:40]} {[%emt 00:00:01]}
23. Rxe8+ {[%clk 00:44:39]} {[%emt 00:00:02]} Kxe8 {[%clk 00:05:09]} {[%emt
00:00:02]} 24. Nb5 {[%clk 00:44:04]} {[%emt 00:01:04]} Ke7 {[%clk 00:05:18]}
{[%emt 00:00:20]} 25. Kf1 {[%clk 00:44:04]} {[%emt 00:00:31]} Ne4 {[%clk
00:05:12]} {[%emt 00:00:36]} 26. Bc2 {[%clk 00:43:13]} {[%emt 00:01:21]} Nf6
{[%clk 00:04:02]} {[%emt 00:01:40]} 27. Bb3 {[%clk 00:39:59]} {[%emt 00:03:44]}
Ne4 {[%clk 00:03:14]} {[%emt 00:00:44]} 1/2-1/2